| 000 | 00000nam##2200000za#4500 |
| 001 | 9.580147 |
| 003 | CaOODSP |
| 005 | 20210624190911 |
| 007 | cr ||||||||||| |
| 008 | 150406|2008||||xxc|||||o f|0| 0 eng|d |
| 022 | |a1488-5387 |
| 040 | |aCaOODSP|beng |
| 043 | |an-cn--- |
| 086 | 1 |aFs97-4/2849E-PDF |
| 110 | 1 |aCanada. |bDepartment of Fisheries and Oceans. |
| 245 | 10|aDioxin/furan and polychlorinated biphenyl in Dungeness crab, Cancer magister, from Victoria and Esquimalt Harbours 1987 to 2003 / |h[electronic resource]|cby W.D. Knapp and D.L. Grant. |
| 260 | |aVancouver - British Columbia : |bFisheries and Oceans Canada |c2008. |
| 300 | |a506p.|bfigs., graphs, references |
| 490 | 1 |aCanadian manuscript report of fisheries and aquatic sciences|x1488-5387|vNo. 2849 |
| 500 | |aFile reproduced from original print. On t. p. : Habitat Protection and Sustainable Development, Oceans, Habitat and Enhancement Branch, Vancouver, British Columbia. The catalogue number and ISSN for the print edition appear in the PDF version. |
| 546 | |a(Résumés en français) |
| 590 | |a14-14-Supp|b2014-07-24 |
| 720 | 1 |aKnapp, W. D. |
| 720 | 1 |aGrant, D. L. |
| 830 | #0|aCanadian manuscript report of fisheries and aquatic sciences,|x1488-5387|vNo. 2849|w(CaOODSP)9.505211 |
| 856 | 40|ahttp://publications.gc.ca|qPDF|s1676 KB|uhttps://publications.gc.ca/collections/collection_2014/mpo-dfo/Fs97-4-2849-eng.pdf|yNo. 2849 |